000 00356nam a22001457a 4500
020 _qPB.
040 _cFIZZA ISHAQ
082 _a624.171
_bASL
100 _aKASSIMALI, ASLAM.
_989497
245 _aSTRUCTURAL ANALYSIS /
_cASLAM KASSIMALI.
250 _a5th ED.
260 _aINDIA ;
_bCENGAGE,
_c2015.
300 _a813 P, ;
942 _2ddc
_cBK
999 _c588219
_d588219